Soccer Teams Thierry Henry Played For - Statistics

General Stats
  • This quiz has been taken 420 times
  • The average score is 5 of 6
Answer Stats
Years Appearances Goals Team % Correct
1999-2007, 2012 377 228 Arsenal
100%
2007-2010 121 49 Barcelona
90%
1997-2010 123 51 France
76%
1994-1999 141 28 AS Monaco
75%
2010-2014 135 52 New York Red Bulls
67%
1999 20 3 Juventus Turin
58%
No matching quizzes found
Score Distribution
Percent of People with Each Score
Percentile by Number Answered
Your Score History
You have not taken this quiz